[Event "Grenke Chess Classic 3rd"]
[Site "Baden-Baden"]
[Date "2015.02.06"]
[Round "4"]
[White "Baramidze, David"]
[Black "Naiditsch, Arkadij"]
[Result "0-1"]
[WhiteElo "2594"]
[BlackElo "2706"]
[Annotator "Mokal,P"]
[PlyCount "54"]
[EventDate "2015.02.02"]
[EventType "tourn"]
[EventRounds "7"]
[EventCountry "GER"]
[EventCategory "20"]
[SourceTitle "CBM 165"]
[Source "ChessBase"]
[SourceDate "2015.03.11"]
[SourceVersion "1"]
[SourceVersionDate "2015.03.11"]
[SourceQuality "1"]

1. c4 c5 2. g3 Nc6 3. Bg2 g6 4. Nf3 Bg7 5. O-O d6 6. Nc3 f5 $5 {After his
victory against the World Champion in the previous round, Naiditsch naturally
wants to fight for the full point even with the black pieces. Considering that
he is hundred points ahead of his opponent in rating, it is quite a legitimate
ambition. Naiditsch "I was surprised by 1.c4, I was expecting 1.d4. In this
position 6...f5 may objectively not be the best move but today I wanted to
play something different."} 7. a3 a5 ({According to Naiditsch, White's idea in
playing 7.a3 is to answer} 7... Nf6 {with} 8. d4 {with favourable opening of
the position considering Black has played ...f5.}) 8. Rb1 Bd7 {Black is trying
to let White commit to playing d3 before he brings his knight out.} (8... Nf6
9. d4 cxd4 10. Nxd4 $14 {[%csl Rd5,Re6,Rf5][%cal Gd5g8]}) ({An interesting
alternative is} 8... e5 {More than a couple of games reached this position
with different move order.} 9. d3 (9. Ne1 Nf6 (9... Nge7 10. Nc2 O-O 11. d3 Bd7
12. b4 axb4 13. axb4 cxb4 14. Nxb4 Nxb4 15. Rxb4 $14 {1-0 Yu,L (2416)-Fang,Y 
(2268)/Qinhuangdao 2011/CBM 144 Extra (35)}) 10. Nc2 Be6 11. d3 O-O 12. b4 axb4
13. axb4 Rf7 14. bxc5 dxc5 15. Ne3 (15. Rxb7 $5 Rxb7 16. Bxc6 {but parting
with the light squared Bs may not be to White's liking.}) 15... Rb8 16. Ned5
Nd4 17. e3 {1-0 Shipov,S (2588)-Vlassov,N (2492)/chessassistantclub.com INT
2004/CBM 104 ext (36). White enjoyed a typical English opening advantage.})
9... Nf6 10. Ne1 O-O 11. Nc2 Nd4 12. b4 axb4 13. axb4 f4 14. bxc5 dxc5 15. Nxd4
cxd4 16. Nd5 Nxd5 17. Bxd5+ Kh8 18. Bd2 $14 {1/2-1/2 Seirawan,Y (2250)
-Shamkovich,L (2485)/Lone Pine 1977/MCD (50)}) 9. b3 {White, on his part
continues the waiting game with another useful move. Naiditsch was all praise
for this subtle move.} (9. d3 Nf6 10. Bd2 O-O {is a normal position.}) 9... e5
{This structure is not seen much with B on d7. Usually Black gets ...e5 in
quite early and so does not really need ...Bd7.} (9... Nf6 10. d4 {Again the
same favourable opening of the position.} cxd4 (10... Ne4 11. Nxe4 fxe4 12. Ng5
Nxd4 $6 13. Bxe4 $1 $16 {[%cal Ge2e3,Gc1b2]} Bc6 14. Bxc6+ bxc6 15. e3 $16 {
[%csl Re6]}) 11. Nxd4 $14 {[%csl Rf5,Gf7] Black's structure does not make much
sense here. He would have liked the pawn on f7 here.}) 10. Nb5 Qb8 11. d4 $5 {
An exciting and principled continuation. Since Black is not well developed,
White wants to rip open the position. It is not really a pawn sacrifice
because White will recover the material immediately.} ({Naiditsch was worried
about} 11. Ne1 $5 Nge7 12. Nc2 O-O (12... Nd4 $6 13. Bxb7 $16) 13. b4 axb4 14.
axb4 {with a slight edge for White, but things do not seem so clear as Black
has a dynamic possibility.} f4 $5 {and Black might have counter chances.})
11... cxd4 12. e3 Nce7 (12... d3 $6 13. e4 $1 $36 (13. Qxd3 e4 14. Nxd6+ Ke7
15. Nxe4 fxe4 16. Qxe4+ Kf8 $13) 13... fxe4 14. Ng5 {[%csl Rd3,Re4,Re8]} Nf6
15. Nxe4 Nxe4 16. Bxe4 O-O 17. Qxd3 $16 {[%csl Rd6]}) (12... dxe3 $2 13. Bxe3 (
13. Nxd6+ Ke7 14. c5 $16) 13... Ke7 14. Bb6 $18 {[%cal Gb6c7]}) (12... Nge7 $6
13. exd4 e4 (13... Nxd4 $2 14. Nfxd4 exd4 15. Bxb7 $1) 14. Bf4 {[%csl Rd6]} Nc8
15. d5 Ne5 (15... exf3 16. dxc6 bxc6 17. Nxd6+ Nxd6 18. Bxd6 $18) 16. Ng5 $36 {
[%cal Gg5e6] or Nd4}) ({The other important retreat was} 12... Na7 $5 13. Nxa7
Qxa7 14. exd4 e4 15. Re1 $5 (15. Ng5 $5 h6 (15... Qxd4 16. Qe2 $36 {[%cal
Gf1d1]}) 16. Nh3 (16. Nxe4 fxe4 17. Bxe4 Ne7 18. Bf4 d5 19. cxd5 Qxd4 $15)
16... Qxd4 17. Qe2 $36) 15... Nf6 (15... Ne7 16. Bf4 $14 (16. d5 exf3 17. Bg5
Be5 18. Qxf3 Kf7 $13)) 16. Nh4 (16. d5 Ng4 $132) 16... O-O 17. Bf4 $13 {
An unclear position where White does not have much to worry about.}) 13. exd4 (
{An important alternative is} 13. a4 $5 Nf6 (13... Bxb5 14. axb5 dxe3 15. Bxe3
Nf6 16. Ng5 $14 {[%csl Gg2] The structure is in White's favour.}) 14. exd4 e4
15. Ne1 O-O {[%cal Gd6d5]} 16. Nc2 {[%cal Gd6d5,Gh7h6,Gg6g5] According to
Naiditsch he would have been happy with this position. It offers Black a lot
of practical chances, with plans like...d5 or ...h6-g5}) 13... e4 (13... exd4
$2 14. Nfxd4 $18 {[%cal Ge1e8] is disastrous for Black.}) 14. Ng5 (14. a4 $5
Bxb5 15. axb5 exf3 16. Qxf3 Nf6 17. Re1 $44 {[%csl Rb7] White's compensation
may be enough for equality.}) 14... h6 15. Nh3 Bxb5 (15... Nf6 16. a4 Bxb5 (
16... O-O 17. f3 $5 (17. Ba3 Bxb5 18. axb5 $14) 17... Bxb5 (17... Re8 18. Ba3
$14) (17... exf3 18. Bxf3 Ne4 19. Qd3 $14) 18. axb5 g5 19. fxe4 Nxe4 20. Qd3 d5
$13) 17. axb5 g5 $13) 16. cxb5 Nd5 17. Nf4 Nge7 ({It is dangerous to take the
bait, since after} 17... Nc3 $6 18. Qc2 Nxb1 19. Nxg6 $16 {Black is in deep
trouble.} Rh7 (19... Nxa3 20. Bxa3 Rh7 21. Bxe4 fxe4 22. Qxe4+ Kf7 (22... Kd8
23. Qe6 {[%csl Rg8][%cal Ga3d6]}) (22... Kd7 23. Re1 $18 {[%csl Rb7,Rd6][%cal
Ge4e6,Ge4b7,Ga3d6]}) 23. Nf4 {[%csl Rh7]} Nf6 (23... Rh8 24. Qe6+ Kf8 25. Ng6#)
24. Qe6+ Kf8 25. Ng6#) 20. Qxb1 Ne7 (20... Nf6 21. Bh3 $18) 21. Nxe7 Kxe7 22.
Bxe4 $18) 18. f3 {A brave and practical attempt. Objectively the sacrifice may
not be correct but it is the best way of trying for something more. Without it,
Black would soon be very comfortable in the static type of position.} (18. Nxd5
Nxd5 19. Bb2 O-O {Black is at least not worse.} 20. Qe2 Qc7 (20... Kh7 21. f3
$16) 21. Rbc1 Qf7 22. f3 Nf6 $13) 18... Nc3 19. Qc2 Bxd4+ 20. Kh1 Nxb1 ({
Black would not want to himself open the position with} 20... exf3 21. Bxf3
Nxb1 22. Qxb1 Qc8 (22... O-O $6 23. Ne6 $14) 23. Bb2 Be5 24. Qa1 $44) 21. fxe4
(21. Qxb1 $6 d5 $15) (21. Ne6 $2 Qc8 $1 $19) 21... Nc3 22. exf5 gxf5 (22... g5
$6 23. Ng6 $36) 23. Ng6 $4 {After finding some very tough and brave
continuations, White falters at the crucial moment and completely loses his
way.} ({The best way to continue the fight was} 23. Bd2 Qc8 (23... Be5 24. Bxc3
Qc7 25. Rf3 (25. Rc1 Qxc3 26. Qxc3 Bxc3 27. Rxc3 Rc8 (27... Rb8 28. Rc7 Rc8 {
is similar}) 28. Rxc8+ Nxc8 29. Bxb7 $15) 25... Rc8 26. Qe2 Bxc3 27. Nd5 Qd8
28. Nxc3 $44) (23... Ne4 24. Bxe4 fxe4 25. Qxe4 {and in spite of being a whole
rook down, White has enough compensation to make Black think about a draw.} Be5
26. Ng6 (26. Nd5 $5 b6 (26... Nxd5 27. Qxd5 Qc8 28. Qf7+ Kd8 29. Be3 Qc7 30.
Qd5 $36) 27. Nxe7 Kxe7 28. Qh4+ Ke8 29. Qh5+ Kd8 30. Qh4+ Kc8 31. Qg4+ Kd8 $11)
26... d5 (26... Nxg6 $2 27. Qxg6+ Kd8 28. Rf7 {[%csl Rd7][%cal Gg6e6]} Qc8 29.
Bg5+ hxg5 30. Qxg5+ $18) (26... Rg8 $2 27. Nxe7 Kxe7 28. Qh4+ Ke8 29. Qh5+ Kd8
30. Rf7 $18 {[%cal Gh5h4,Gh5f5,Gf5d7,Gh4e7]}) 27. Qxe5 Qxe5 28. Nxe5 $11) 24.
Qd3 Be5 25. Rc1 Qd7 (25... Qc5 26. Bxc3 Qxa3 $13) (25... Qc7 26. Bxc3 Rc8 $13)
26. Bxc3 Rc8 $13 {Black's shattered pawn structure and a comparatively
vulnerable king give White enough compensation for the exchange.}) 23... Nxg6
24. Qxf5 Ne7 {Probably Baramidze forgot to consider this obvious retreat.
White now has nothing in return for the huge material disadvantage.} 25. Qf7+
Kd8 26. b6 Qc8 27. Bxh6 Ne2 0-1

[Event "OHRA-B"]
[Site "Amsterdam"]
[Date "1990.??.??"]
[Round "2"]
[White "Serper, Grigory"]
[Black "Polgar, Zsuzsa"]
[Result "1/2-1/2"]
[WhiteElo "2485"]
[BlackElo "2510"]
[Annotator "Polgar,Zsu"]
[PlyCount "54"]
[EventDate "1990.07.??"]
[EventType "swiss"]
[EventRounds "9"]
[EventCountry "NED"]
[SourceTitle "CBM 020"]
[Source "ChessBase"]
[SourceDate "1991.02.01"]
[SourceVersion "1"]
[SourceVersionDate "1991.02.01"]
[SourceQuality "1"]

1. c4 {Ribli} c5 2. Nf3 Nc6 3. Nc3 e5 4. g3 (4. e3 Nf6 5. d4 cxd4 6. exd4 e4 7.
Ne5 Bb4 8. Be2 Qa5 9. Nxc6 dxc6 10. O-O Bxc3 $5 11. bxc3 Qxc3 12. Rb1 O-O 13.
Rb3 Qa5 14. Rg3 $13 {Bertholee,R-Polgar,J/Amsterdam OHRA-B (3)/0-1/43/}) 4...
g6 5. Bg2 Bg7 6. O-O (6. d3 { []d2-f1-e3}) 6... d6 7. a3 (7. Ne1 Be6 8. d3
Nge7 9. Nc2 d5) 7... Be6 $6 (7... Nge7) (7... Nge7 {Ribli}) 8. d3 (8. Nd5 b5 $1
9. cxb5 Bxd5 10. bxc6 Bxc6 $13) 8... Nge7 9. Ng5 $6 (9. b4 $3 e4 $2 (9... cxb4
$6 10. axb4 Nxb4 11. Ba3 $44) (9... O-O 10. b5 $14) 10. Nxe4 Bxa1 11. Bh6 Bb2
12. Qc2 $16) 9... Bc8 10. b4 h6 (10... f5 $5) 11. Nge4 (11. Nf3 $4 e4 $19)
11... f5 12. Nd2 (12. bxc5 $6 fxe4 13. Nxe4 dxc5 14. Nxc5 {@ / |^}) 12... e4 $1
(12... O-O 13. b5 $14) 13. Bb2 exd3 14. exd3 (14. e3 cxb4 15. axb4 Nxb4) 14...
O-O (14... cxb4 $5 15. axb4 Nxb4 16. Qa4+ $44) 15. bxc5 (15. b5 Ne5 $1 { f5-f4
}) 15... dxc5 16. Nb3 f4 $1 (16... b6 $5) 17. Nxc5 Ne5 $44 (17... Nd4 $5 $44)
18. d4 (18. gxf4 Rxf4) 18... Bg4 $1 (18... Nxc4 $2 19. Qb3 Qxd4 20. N3a4 $19)
19. Nxb7 (19. f3 $2 Nxf3+ 20. Bxf3 Qxd4+ $17) (19. Qe1 f3 20. Bh1 Nxc4 $17) (
19. Qb3 $2 fxg3 20. hxg3 Nf3+ 21. Kh1 Rf5 $19) 19... Qb8 $1 (19... Qb6 $2 20.
Na4) (19... Qc7 $2 20. Nd5 $1 Qxb7 21. Nf6+ Bxf6 22. Bxb7 Bxd1 23. dxe5 $18)
20. Qb3 (20. dxe5 $2 Bxd1 21. Raxd1 f3) 20... f3 (20... Nf3+ 21. Bxf3 Bxf3 22.
Nd5) 21. Bh1 $2 (21. dxe5 $1 fxg2 22. Rfe1 Bf3 $2 (22... Bc8 23. Nc5 Qxb3 24.
Nxb3 Rb8 25. Nb5 a6 26. a4 axb5 27. axb5 {/ @}) 23. Nd5) 21... Nd3 $2 (21...
N5c6 $1 22. Ne4 (22. Nd5 Nxd5 23. cxd5 Nd8 $1 24. d6+ Kh7 25. Nc5 Qxb3 26. Nxb3
Rb8 $19) (22. c5+ Kh7 23. d5 Nd4 24. Qb4 Nxd5 $1 $19) (22. Nc5 Nxd4 $1 $19)
22... Nf5 23. Nbc5 (23. Rfd1 Ncxd4 24. Bxd4 Nxd4 25. Rxd4 Bxd4 26. Rd1 Bg7 $17)
23... Ncxd4 $1 $19) 22. Rfd1 Nxb2 23. Qxb2 Bc8 (23... Nc6 $2 24. Qb5 $1 Nxd4
25. Rxd4 Bxd4 26. Qd5+ Rf7 27. Nd6 $2 (27. Qxd4 $1 Qxb7 28. Qxg4 Qb2 29. Qxg6+
$18) 27... Bxf2+ 28. Kf1 Bh3+ $19) 24. Rab1 Bf5 25. Rbc1 Bc8 26. Rb1 Bf5 27.
Rbc1 Bc8 1/2-1/2

[Event "Dortmund SuperGM 41st"]
[Site "Dortmund"]
[Date "2013.07.30"]
[Round "5"]
[White "Kramnik, Vladimir"]
[Black "Leko, Peter"]
[Result "1-0"]
[WhiteElo "2784"]
[BlackElo "2737"]
[Annotator "Postny,E"]
[PlyCount "93"]
[EventDate "2013.07.26"]
[EventType "tourn"]
[EventRounds "9"]
[EventCountry "GER"]
[EventCategory "19"]
[SourceTitle "CBM 156"]
[Source "ChessBase"]
[SourceDate "2013.09.17"]
[SourceVersion "1"]
[SourceVersionDate "2013.09.17"]
[SourceQuality "1"]

1. c4 c5 2. g3 g6 3. Bg2 Bg7 4. Nc3 Nc6 5. Nf3 d6 6. O-O e6 (6... Nh6 {is
another possibility, employed few times by Magnus Carlsen and Peter Svidler.
Later on the knight is going to f5 to control the central d4-square.}) 7. b3 {
Obviously, playing such a quiet scheme White can't claim an opening advantage.}
(7. e3 Nge7 8. d4 O-O 9. d5 {is a possible way for White to get some space,
but after} Na5 {Black seems to have a sort of comfortable version of the
King's Indian Defence.}) 7... Nge7 8. Bb2 O-O 9. e3 e5 (9... Nf5 {appeared in
practice as well, with the same idea - fighting aganst the d3-d4 advance.}) 10.
d3 h6 11. a3 $6 $146 {I don't find this move particularly useful in this
position. Instead White can prepare the d3-d4 strike or to adopt a positional
plan by securing control over the d5-square.} ({Check the following classic
game:} 11. Qd2 Bg4 12. h3 Be6 13. Rad1 Qd7 14. Kh2 d5 $6 15. cxd5 Nxd5 16. Na4
b6 17. d4 $1 cxd4 (17... e4 18. dxc5 $1 exf3 19. Bxf3 Rad8 20. Bxg7 Kxg7 21.
Qb2+ f6 22. e4 Ne5 23. Bg2 $16) 18. exd4 exd4 19. Nxd4 Nxd4 20. Bxd4 Bxd4 21.
Qxd4 Rad8 22. Qh4 Qe7 23. Qxh6 b5 24. Rd4 $1 {[%cal Gd4h4]} Qf6 25. Rh4 Qg7 26.
Qxg7+ Kxg7 27. Nc5 $16 {1-0 (29) Smyslov,V-Sanguineti,R Mar del Plata 1962}) (
11. Nd2 Be6 12. Nd5 {is another plan. Later on White can continue with Rb1,
Bc3, a3 and b4 opening the b-file. The sharp idea f2-f4 is also in the air,
according to circumstances.}) 11... Be6 12. Nd2 (12. Rc1 b6 {and d6-d5 will
follow on the next move.}) 12... d5 13. cxd5 Nxd5 {Now White has a "hedgehog"
setup, which is very flexible. However, objectively Black is already somewhat
ahead thanks to his space superiority.} 14. Rc1 Nde7 $1 {Black has some
advantage in space so it's logical to keep his pieces out of the way of
exchanges.} 15. Nc4 (15. Na4 b6 16. b4 $6 Qxd3 17. bxc5 Rad8 {is in Black's
favour.}) 15... Rb8 16. Qe2 b6 17. f4 {This is the only reasonable way for
White to create counterplay.} exf4 18. gxf4 f5 $15 19. Rfd1 b5 20. Nd2 Qd7 21.
Qf2 a6 (21... Qxd3 $4 22. Nf3 $18 {[%csl Rd3]}) 22. Nde4 $6 {This is sort of a
bluff that worked. It's clear that White is worse and Kramnik understood it
very well. So, he tried to change the unfortunate course of the game at any
cost. The psychological impact is not to be underestimated.} Qa7 $2 {Peter had
played excellently so far, but at the critical moment didn't dare to go for
the most principled continuation. Perhaps he underestimated the move that now
follows.} (22... fxe4 $1 23. Nxe4 Bxb2 24. Qxb2 (24. Nxc5 Bxc1 (24... Qd6 25.
Qxb2 b4 $1 $17) 25. Nxd7 Bxe3 26. Qxe3 Bxd7 {Objectively Black is much better,
he has more than enough material for the queen. In a practical game, however,
especially in time trouble this position is not easy to handle.}) 24... Bh3 25.
Nxc5 (25. Nf6+ Rxf6 26. Qxf6 Bxg2 27. Kxg2 Qg4+ 28. Kf2 Rf8 29. Qd6 {[%tqu
"En","Black has a winning continuation. Can you spot it?","","","c6d4","",5]}
Nd4 $1 30. exd4 $140 Rxf4+ 31. Ke1 Qg1+ 32. Kd2 Qg2+ $1 33. Kc3 Nd5+ $19) 25...
Qg4 {and after the massive exchange on g2 Black's extra knight will tell in
the endgames.}) 23. Nxc5 $1 {Kramnik didn't miss his chance to get back into
the game.} Qxc5 24. d4 {White is gaining back the piece.} Nxd4 (24... Qd6 $2
25. d5 Bxc3 $2 26. dxc6 $18) (24... Qb6 $2 25. d5 Bxc3 26. Bxc3 Nxd5 27. Bxd5
Bxd5 28. Rxd5 $36 {[%csl Gc3,Rg8]}) 25. exd4 Qd6 26. d5 Bf7 {Black still has a
good position, but now White also has some ideas and anything can happen.} 27.
Na2 $1 Bxb2 28. Qxb2 Rfd8 ({Black shouldn't be too greedy:} 28... Qxf4 $2 29.
d6 {White's passed pawn gets very dangerous.} Nc8 30. Qd4 Qxd4+ 31. Rxd4 $36 {
[%cal Gc1c7,Ga2b4]}) 29. Qd4 Rbc8 (29... Qxa3 30. Nb4 a5 31. Na6 Rbc8 32. Nc7 {
might be playable for Black when you analyse it with an engine at home, but
during a game hardly any human would go for that.}) 30. Rxc8 Rxc8 31. Nb4 Rd8
32. Qa7 Rd7 33. Qxa6 Qxa6 $2 {Peter couldn't stand the pressure. The exchange
of queens is White's dream in this position.} (33... Qc5+ $1 34. Kh1 ({The
engine prefers} 34. Kf1 {I can't figure out the reason to put the king on a
more exposed square.}) 34... Kg7 {was still perfectly playable for Black.
White's king is vulnerable - this is the main reason why Black should keep the
queens on the board.}) 34. Nxa6 Nxd5 (34... Bxd5 35. Nc5 Rd8 36. a4 bxa4 37.
bxa4 $18) 35. Nc5 Rd8 {Probably Leko didn't realise in time that he can't get
out of the pin along the d-file without losing material.} (35... Rc7 36. Rxd5
Bxd5 37. Bxd5+ Kh7 38. b4 Ra7 39. Bc6 Rxa3 40. Bxb5 {and White will win,
slowly, but surely.}) 36. Rd4 Kf8 37. Nd3 $1 {The knight invasion to e5 is
devastating.} Ke8 38. Ne5 Be6 39. Nxg6 Rd7 (39... Ne7 40. Rxd8+ Kxd8 41. Nxe7
Kxe7 42. b4 {White wins this endgame thanks to a classic zugzwang, as follows:}
Kd6 43. Kf2 Bc8 44. Ke3 Be6 45. Kd4 Bd7 46. Bh3 Be6 47. Bf1 Bd7 48. Bd3 h5 49.
h4 $18) 40. Kf2 Rg7 41. Bxd5 Rxg6 42. Bxe6 Rxe6 43. Rd5 Ra6 44. Rxf5 Rxa3 45.
Rxb5 {Two extra pawns promise White an easy win. Leko didn't suffer for too
long.} Kd7 46. Kf3 Kc6 47. Rb8 1-0

[Event "Rohde op 10th"]
[Site "Sautron"]
[Date "2010.10.24"]
[Round "2"]
[White "Piasetski, Leon David"]
[Black "Lalic, Bogdan"]
[Result "1/2-1/2"]
[WhiteElo "2303"]
[BlackElo "2495"]
[Annotator "Primel,D"]
[PlyCount "52"]
[EventDate "2010.10.23"]
[EventType "swiss"]
[EventRounds "9"]
[EventCountry "FRA"]
[SourceTitle "EXT 2012"]
[Source "ChessBase"]
[SourceDate "2011.11.24"]
[SourceVersion "1"]
[SourceVersionDate "2011.11.24"]
[SourceQuality "1"]

1. Nf3 {01h30+30s} c5 2. c4 Nc6 3. Nc3 {08""} e5 {[%csl Rd5]} 4. g3 g6 5. Bg2
Bg7 6. d3 (6. O-O {plus souple} Nge7 7. a3 d6 8. b4 e4 9. Ng5 f5 10. Bb2 O-O
11. d3 h6 12. Nh3 exd3 13. exd3 g5 $132) (6. a3 {[%cal Ga1b1,Gb2b4] Plus
ambitieux} a5 7. d4 $1 {Un gambit typique du style imaginatif du GMI anglais}
cxd4 8. Nb5 d6 9. e3 $44 {Miles,A (2555)-Kudrin,S (2530) US op Los Angeles
1991 1-0}) 6... d6 7. Nd2 $5 {[%cal Gd2f1,Gf1e3,Ge3d5] 14"" Un plan
interessant mais un peu lent pour surcontroler la case forte "d5"} (7. O-O {
La grande ligne} Nge7 8. a3 O-O 9. Rb1) 7... Nge7 8. Nf1 O-O ({RR} 8... Rb8 9.
Ne3 a6 10. h4 h6 11. a4 Nb4 12. Ned5 Nbxd5 13. Nxd5 Be6 14. Bd2 O-O 15. a5 f5
16. Rb1 f4 17. Nxe7+ Qxe7 18. b4 fxg3 19. fxg3 e4 20. Bxe4 Be5 21. Bxh6 Qf6 22.
Kd2 Bc3+ 23. Kc2 {Vaganian,R (2590)-Dominguez Perez,L (2719)/Almaty 2008/EXT
2009/1/2-1/2}) 9. Ne3 {[%csl Gd5]} Rb8 10. Bd2 {30""} ({RR} 10. Rb1 a6 11. O-O
b5 12. b3 Be6 13. h3 Qd7 14. Kh2 f5 15. Ned5 b4 16. Nxe7+ Nxe7 17. Nd5 f4 18.
e3 g5 19. Bb2 Nxd5 20. cxd5 Bf5 21. e4 Bg6 22. Bf3 Rb7 23. Bg4 Qe8 24. gxf4
gxf4 {Abbasov,F (2549)-Mekhitarian,K (2490)/Calvi 2010/Mega2010 Update 20/1/
2-1/2 (57)}) 10... a6 {[%cal Gb7b5] les noirs avaient joué а tempo l'ouverture}
11. Qc1 $146 ({RR} 11. Rc1 b5 12. b3 b4 13. Ncd5 f5 14. f4 Kh8 15. O-O Nxd5 16.
cxd5 Nd4 17. Nc4 exf4 18. gxf4 Rb7 19. e3 Nb5 20. e4 fxe4 21. dxe4 Rbf7 22. Qe2
Bh6 23. e5 Nd4 24. Qe1 dxe5 25. Nxe5 Rc7 {Karlsson,L (2480)-Eriksson,A (2265)/
Malmo 1986/EXT 1997/1/2-1/2 (50)}) 11... b5 12. Ned5 b4 {08""} 13. Nxe7+ Nxe7
14. Nd5 Nxd5 15. Bxd5 {34""} Bb7 {09""} (15... Be6) (15... Bh3) 16. Bh6 Bxd5
17. cxd5 Bxh6 $1 18. Qxh6 Qe7 {[%cal Ge7h7,Gf7f5]} (18... f5 19. h4 $36 {
[%cal Gh4h5]}) 19. e4 f5 {[%csl Rh6][%cal Gf5f4]} 20. Qe3 {52""} (20. h4 f4 21.
h5 g5 {[%csl Rh6]}) 20... Qd7 {20""} 21. f3 Rbc8 {[%cal Gc5c4]} (21... fxe4 22.
fxe4 Qh3 $36 {[%cal Gh3g2,Gf8f3,Gg2h1]}) 22. O-O f4 23. Qe2 h5 24. a3 b3 25.
Rac1 a5 26. Ra1 Ra8 1/2-1/2